000 01175nam0a2200325 4500
001 RU\NLR\BIBL_A\022569088
005 20260420045844.0
010 _a978-5-00214-485-3
_93000
021 _aRU
_bКН-П-25-025455
_9КН-П-25-2535
035 _a(NLR Aleph) 022569088
090 _a13675493
_c13675493
100 _a20250618d2025 u y0rusy50 ca
101 1 _arus
_ceng
102 _aRU
105 _aa z 000ay
181 0 _ai3
_baxxe
182 0 _an
200 1 _aИдеальная пара
_e[роман]
_fЭлин Хильдебранд
_gперевод с английского Влады Мехрюковой
203 _aТекст
_bвизуальный
_cнепосредственный
210 _aМосква
_cМИФ
_d2025
215 _a541, [2] с.
_cил.
_d21
225 1 _aРоманы МИФ
_iЛето Элин Хильдебранд
333 _a18+
686 1 _aШ6(7США)67-440.4{Лх1979-50}
700 1 _7ca
_8rus
_aХильдебранд
_bЭ.
_gЭлин
_9240910
_3RU\NLR\AUTH\770240966
942 _cBOOK
980 _aNB